000 00837nam a2200229 i 4500
001 128415
003 ES-MaACL
005 20250816063140.0
007 t|
008 070510s1926 sp ||||1| cat d
080 _a92 Agrícola, Cneo Julio
100 1 _aTácito, Cayo Cornelio
_9109052
245 1 0 _aObres menors /
_cP. Corneli Tacit ; text establert per Francese Martorell ; traducció de Miquel Ferrá, i LLorenç Riber.
260 _aBarcelona :
_bFundació Bernat Metge,
_c1926.
300 _aXV, 16 p., 19-158 p. dobles :
_bil. ;
_c22 cm.
490 1 _aFundació Bernat Metge. Escriptors Llatins
600 1 4 _aAgricola, Cneo Julio.
_9186740
700 1 _aMartorell, Francisco.
_978533
830 0 _aFundació Bernat Metge. Escriptors Llatins
_9181998
852 _aES-MaACL
_jC-6786
999 _c128415
_d128415